[Event "Hatay op 10th"]
[Site "Hatay"]
[Date "2018.09.07"]
[Round "6"]
[White "Hatirli, Ugur Can"]
[Black "Eker, Onder"]
[Result "1-0"]
[WhiteElo "1608"]
[BlackElo "1512"]
[PlyCount "53"]
[EventDate "2018.09.02"]
[EventType "swiss"]
[EventRounds "9"]
[EventCountry "TUR"]
[SourceTitle "CBM 186 Extra"]
[Source "ChessBase"]
[SourceDate "2018.08.24"]
[SourceVersion "1"]
[SourceVersionDate "2018.08.24"]
[SourceQuality "1"]

1. d4 Nf6 2. Nf3 c5 3. c3 cxd4 4. cxd4 d5 5. Nc3 Nc6 6. e3 Bf5 7. Bb5 a6 8. Bxc6+ bxc6 9. Ne5 Qc7 10. Qa4 Bd7 11. 0-0 e6 12. Bd2 Bd6 13. f4 c5 14. Nxd7 Nxd7 15. Nb5 Qb8 16. Nxd6+ Qxd6 17. dxc5 Qxc5 18. Rac1 Qb5 19. Qa3 Qb7 20. Qd6 Rd8 21. Ba5 Rc8 22. Rxc8+ Qxc8 23. Bb4 Qd8 24. Rc1 Nb6 25. Qc6+ Nd7 26. Qb7 Nb6 27. Rc7 1-0

[Event "Hatay op 10th"]
[Site "Hatay"]
[Date "2018.09.03"]
[Round "2"]
[White "Eker, Onder"]
[Black "Eker, Mahmut"]
[Result "0-1"]
[WhiteElo "1512"]
[BlackElo "1624"]
[PlyCount "102"]
[EventDate "2018.09.02"]
[EventType "swiss"]
[EventRounds "9"]
[EventCountry "TUR"]
[SourceTitle "CBM 186 Extra"]
[Source "ChessBase"]
[SourceDate "2018.08.24"]
[SourceVersion "1"]
[SourceVersionDate "2018.08.24"]
[SourceQuality "1"]

1. d4 Nf6 2. c4 e6 3. Bg5 Bb4+ 4. Bd2 Bxd2+ 5. Nxd2 d5 6. e3 Nbd7 7. Ngf3 b6 8. Bd3 Bb7 9. 0-0 Ne4 10. Qc2 f5 11. b4 c5 12. bxc5 bxc5 13. Rab1 Qc7 14. Bxe4 fxe4 15. Ng5 Ke7 16. Qb2 Rab8 17. dxc5 Nf6 18. Qa3 Bc6 19. Nb3 h6 20. Nh3 Ng4 21. g3 Ne5 22. Nd4 g5 23. Qc3 Bd7 24. cxd5 exd5 25. Nf4 gxf4 26. exf4 Nd3 27. Nb5 Bxb5 28. Qg7+ Kd8 29. Qxh8+ Kd7 30. Qg7+ Kd8 31. Qf8+ Be8 32. Qf6+ Kc8 33. Qe6+ Qd7 34. Rxb8+ Kxb8 35. Rb1+ Ka8 36. Qxh6 Nxc5 37. f5 Nd3 38. Qf8 Ne5 39. f6 Nc6 40. Rc1 Ne5 41. Qe7 Qxe7 42. fxe7 Kb7 43. Rc5 Nf3+ 44. Kg2 d4 45. Rd5 d3 46. h4 d2 47. Kf1 Bc6 48. Rd6 Bb5+ 49. Kg2 Ne1+ 50. Kh2 Nd3 51. Rd5 Ba4 0-1